000 00399nam a2200157Ia 4500
003 GCL
008 140319s9999 xx 000 0 ara d
040 _aGCL /
_cGCL
082 0 4 _a813.03
_bع ن
100 1 _aعبدالرحمن منيف
245 1 0 _aالنهايات ط3 /
_cعبدالرحمن منيف
300 _a189 ص
490 _a
650 0 4 _aالادب العربى
942 _2ddc
_cBK
999 _c38206
_d38206